| 000 | | | 05811cbc2a2200265#x 450 |
| 001 | | | 3538950e-ff45-4835-ba94-88df5dae6814 |
| 005 | | | 20230523151544.0 |
| 100 | ## | $a | 20160331l18631863k y0rusy50 ca |
| 101 | 0# | $a | rus |
| 102 | ## | $a | RU |
| 105 | ## | $a | y z ||||| |
| 122 | 0# | $a | d18630628## |
| 200 | 1# | $a | Донесение графа Бобринского Муравьеву М. Н. о мерах, принятых по отношению к участникам польского восстания 1863 г. в Гродненской губернии |
| | $e | 28 июня 1863 года |
| | $j | 1863 |
| 215 | ## | $a | 11 листов |
| 251 | ## | $c | Дело |
| 300 | ## | $a | Рукописный текст. Чернила |
| 330 | ## | $a | Входит в раздел описи: Документальные материалы, отложившиеся в результате служебной деятельности Муравьева М. Н. |
| 461 | #0 | $1 | 001c2c6c6a4-a01e-4d13-acb7-e6a0c9078d03 |
| | $1 | 2001 |
| | $a | МУРАВЬЕВ МИХАИЛ НИКОЛАЕВИЧ, ГРАФ, ГЕНЕРАЛ ОТ ИНФАНТЕРИИ, ДИРЕКТОР ДЕПАРТАМЕНТА РАЗНЫХ ПОДАТЕЙ И СБОРОВ, ЧЛЕН ГОСУДАРСТВЕННОГО СОВЕТА, МИНИСТР ГОСУДАРСТВЕННЫХ ИМУЩЕСТВ (1857-1862 гг.), ВОЕННЫЙ ГЕНЕРАЛ-ГУБЕРНАТОР ВИЛЕНСКОЙ ГУБЕРНИИ (1863 г.) |
| | $1 | 251 |
| | $c | Фонд |
| | $1 | 852 |
| | $j | 811 |
| 462 | #0 | $1 | 00164fda34d-2ca7-44fe-ab14-22f23de5401d |
| | $1 | 2001 |
| | $a | Опись дел фонда М. Н. Муравьева за 1825-1897 гг. |
| | $v | Д. 42 |
| | $1 | 251 |
| | $c | Опись |
| | $1 | 852 |
| | $j | 1 |
| 801 | #0 | $a | RU |
| | $b | GA_RF |
| 801 | #1 | $a | RU |
| | $b | НПО Опыт |
| | $c | 20160331 |
| | $2 | rusmarc |
| 801 | #2 | $a | RU |
| | $b | ПБ им. Б.Н. Ельцина |
| | $c | 20160608 |
| | $g | RCR |
| | $2 | rusmarc |
| 852 | ## | $a | ГА РФ |
| | $j | 42 |
| 937 | ## | $d | 76538573 |
| | $h | ПБ |
| 035 | ## | $a | RuPRLIB51037659 |
| 606 | 1# | $2 | nlr_sh |
| | $3 | RU\NLR\AUTH\66171838 |
| | $a | Польское восстание |
| | $j | Документы и материалы |
| | $z | 1863 - 1864 |
| 686 | ## | $2 | rubbk |
| | $a | 63.3(28-8Гро)52ю1 |
| | $v | LBC/M |
| 607 | ## | $2 | prlib_sh |
| | $3 | LIBNET\UAF\0000064022 |
| | $a | Гродненская губерния |
| | $j | Документы и материалы |
| | $z | 19 в. |
| 617 | ## | $2 | prlib_sh |
| | $c | Гродненская губерния |
| 617 | ## | $2 | prlib_sh |
| | $a | Белоруссия |
| 605 | ## | $2 | acquisition_Prlib |
| | $3 | DITM\AF\0000004461 |
| | $a | Россия и страны мира |
| | $l | коллекция |
| 605 | ## | $a | Власть |
| | $l | коллекция |
| | $2 | acquisition_Prlib |
| | $3 | DITM\AF\0000002775 |
| 605 | ## | $a | Народ |
| | $l | коллекция |
| | $2 | acquisition_Prlib |
| | $3 | DITM\AF\0000003834 |
| 605 | ## | $a | М. Н. Муравьев |
| | $l | коллекция |
| | $2 | acquisition_Prlib |
| | $3 | LIBNET\UAF\0000064007 |
| 605 | ## | $a | Россия - Беларусь: из истории взаимоотношений |
| | $l | коллекция |
| | $2 | acquisition_Prlib |
| | $3 | LIBNET\UAF\0000107215 |
| 856 | 4# | $u | http://www.prlib.ru/Lib/pages/item.aspx?itemid=140994 |